New InterCom 4
Gorde:
| Formatua: | Liburua |
|---|---|
| Hizkuntza: | Undetermined |
| Argitaratua: |
Massachusetts, Estados Unidos
Heinle & Heinle Publishers
1984
|
| Gaiak: | |
| Etiketak: |
Etiketa erantsi
Etiketarik gabe, Izan zaitez lehena erregistro honi etiketa jartzen!
|
MARC
| LEADER | 00000nam a2200000Ia 4500 | ||
|---|---|---|---|
| 008 | 170316s9999 xx 000 0 und d | ||
| 090 | |a 415-I N-9ne | ||
| 245 | |a New InterCom 4 | ||
| 260 | |a Massachusetts, Estados Unidos | ||
| 260 | |b Heinle & Heinle Publishers | ||
| 260 | |c 1984 | ||
| 300 | |a 184 páginas | ||
| 650 | |a GRAMÁTICA INGLESA | ||
| 999 | |c 19480 |d 19480 | ||
| 040 | |a cru BVZT | ||
| 942 | |c 15 D |h 415-I N-9ne |2 z | ||
